Odborný slovník rusko-český z oblasti ekonomické, politické a právní

Na minha lista:
Detalhes bibliográficos
Autor principal: Csiriková, Marie
Outros Autores: Vysloužilová, Eva
Formato: Livro
Idioma:russo
tcheco
Publicado em: Praha Linde Praha 1999
Assuntos:
Tags: Adicionar Tag
Sem tags, seja o primeiro a adicionar uma tag!

MARC

LEADER 00000nam a2200000 4500
001 c141594
005 20250901110657.8
020 |a 80-7201-149-9 
041 0 |a rus 
041 0 |a cze 
044 |a CZ 
245 1 0 |a Odborný slovník rusko-český z oblasti ekonomické, politické a právní  |c Marie Csiriková, Eva Vysloužilová a kolektivy 
264 1 |a Praha  |b Linde Praha  |c 1999 
300 |a 517 s. 
610 2 0 |a jazykoveda 
610 2 0 |a terminológia 
610 2 0 |a ekonómia 
610 2 0 |a politika 
610 2 0 |a právo 
610 2 0 |a organizácie medzinárodné 
100 1 |a Csiriková, Marie 
700 1 |a Vysloužilová, Eva